Criminología de la corrupción y prevaricación funcionarial (Registro nro. 12834)

Detalles MARC
000 -Cabecera
Campo de control de longitud fija 00652ntm a22002417a 4500
005 - Fecha y hora de la última transacción
Campo de control 20260306184910.0
008 - Elementos de longitud fija--Información general
Campo de control de longitud fija 201204b2015 xxu||||| |||| 00| 0 spa d
020 ## - International Standard Book Number
Número Internacional Estándar del Libro (ISBN) 9788494433245
041 ## - Idioma
Código de idioma Español
082 ## - Clasificación Decimal Dewey
Número de clasificación 364.132.3 M385c
100 ## - Entrada principal--Autor personal
Nombre personal Martínez Rodríguez, José Antonio
245 ## - Título propiamente dicho
Título Criminología de la corrupción y prevaricación funcionarial
260 ## - Pie de imprenta
Lugar de publicación, distribución, etc. España
260 ## - Pie de imprenta
Nombre del editor, distribuidor, etc. Bosch
260 ## - Pie de imprenta
Fecha de publicación, distribución, etc. 2015
300 ## - Descripción física
Extensión 127 páginas
490 ## - Serie
Título de la Serie Investigación Criminal
650 ## - Materia general
Temática (materia general) CRIMINOLOGÍA
650 ## - Materia general
Temática (materia general) CORRUPCIÓN URBANÍSTICA
650 ## - Materia general
Temática (materia general) POLICÍA CRIMINAL
650 ## - Materia general
Temática (materia general) RESPONSABILIDAD PENAL
942 ## - Punto de acceso adicional KOHA
Tipo de ítem KOHA Libro
Fuente del sistema de clasificación o colocación Dewey Decimal Classification
Existencias
Signatura completa Código de barras Programa Académico Tipo de ítem
364.132.3 M385c 25130 Investigación Criminal Libro